000 00546nam a2200181Ia 4500
003 OSt
005 20200514110951.0
008 190216s9999||||xx |||||||||||||| ||und||
040 _coclc
082 _a332.1
_bGOR/F
100 _aGordon, E
_91016
245 0 _aFinancial Markets And Institutions /
_cE Gordon; K Natarajan
250 _a2nd rev ed.
260 _bHimalaya Publishing House.
_aMumbai:
_c2007
300 _a264p
650 0 _aSocial sciences
_vEconomics
_91086
942 _cBK
_2ddc
_h332.1
_iGOR/F
_k332.1
_mGOR/F
999 _c7596
_d7596